|
|
|
|
| LEADER |
00000nam0a2200000 4500 |
| 001 |
306441 |
| 005 |
20231102001908.0 |
| 035 |
|
|
|a (RuTPU)RU\TPU\book\331718
|
| 090 |
|
|
|a 306441
|
| 100 |
|
|
|a 20151007d1973 km y0rusy50 ca
|
| 101 |
0 |
|
|a rus
|
| 102 |
|
|
|a RU
|
| 105 |
|
|
|a a z 001zy
|
| 200 |
1 |
|
|a Основы радиотехники и радиотехнические устройства
|f Ю. А. Мельник, Г. В. Стогов
|
| 210 |
|
|
|a Москва
|c Советское радио
|d 1973
|
| 215 |
|
|
|a 368 с.
|c ил.
|
| 320 |
|
|
|a Библиогр.: с. 362-363
|
| 606 |
1 |
|
|a Радиотехника
|2 stltpush
|3 (RuTPU)RU\TPU\subj\71345
|9 85301
|
| 610 |
1 |
|
|a радиотехнические устройства
|
| 610 |
1 |
|
|a радиотехнические сигналы
|
| 610 |
1 |
|
|a радиоволны
|
| 610 |
1 |
|
|a распространение
|
| 610 |
1 |
|
|a колебательные системы
|
| 610 |
1 |
|
|a антенно-фидерные устройства
|
| 610 |
1 |
|
|a высокочастотные колебания
|
| 610 |
1 |
|
|a генерирование
|
| 610 |
1 |
|
|a передатчики
|
| 610 |
1 |
|
|a приемные устройства
|
| 610 |
1 |
|
|a радиолокация
|
| 610 |
1 |
|
|a траекторные измерения
|
| 610 |
1 |
|
|a радиотелеметрические системы
|
| 610 |
1 |
|
|a телевизионные устройства
|
| 610 |
1 |
|
|a радиоуправление
|
| 610 |
1 |
|
|a радиоэлектронная разведка
|
| 675 |
|
|
|a 621.37
|v 3
|
| 700 |
|
1 |
|a Мельник
|b Ю. А.
|g Юрий Александрович
|
| 701 |
|
1 |
|a Стогов
|b Г. В.
|g Генрих Владимирович
|
| 801 |
|
1 |
|a RU
|b 63413507
|c 20151007
|
| 801 |
|
2 |
|a RU
|b 63413507
|c 20200304
|g RCR
|
| 942 |
|
|
|c BK
|